| 000 | 00756nam a2200217 a 4500 | ||
|---|---|---|---|
| 001 | 15319 | ||
| 003 | CO-ViMGA | ||
| 008 | 141112s2004 ck r 000 u spa d | ||
| 020 | _a9589289029 | ||
| 040 |
_aCO-ViMGA _bspa _cCO-ViMGA |
||
| 082 | 0 | 4 | _a461 S375c |
| 100 | 1 |
_aSerna M., J. Alberto _922269 |
|
| 245 | 1 | 0 | _aCómo desarrollar la atención, La observación y la ortografía visual mediante la lectura analítica |
| 260 |
_aBogotá, _cIdioma, _c1997 |
||
| 300 | _a172.p. | ||
| 490 | _aLexicografía, ortografía y redacción | ||
| 505 | _aInformación necesaria Ejercicios practicos de lectura analítica Suplementos prácticos | ||
| 650 | 1 | 4 |
_aLEXICOGRAFIA - ORTOGRAFIA - REDACCION _922270 |
| 650 | 1 | 4 |
_aMETODOS DE ESTUDIO _922271 |
| 942 |
_2ddc _cBK |
||
| 999 |
_c25679 _d25679 |
||